| 000 -LEADER |
| fixed length control field |
02674cam a22003014a 4500 |
| 001 - CONTROL NUMBER |
| control field |
13237185 |
| 005 - DATE AND TIME OF LATEST TRANSACTION |
| control field |
20221228135550.0 |
| 008 - FIXED-LENGTH DATA ELEMENTS--GENERAL INFORMATION |
| fixed length control field |
030613s2003 enka b 001 0 eng |
| 010 ## - LIBRARY OF CONGRESS CONTROL NUMBER |
| LC control number |
2003013377 |
| 020 ## - INTERNATIONAL STANDARD BOOK NUMBER |
| International Standard Book Number |
0745321925 (hbk.) |
| 020 ## - INTERNATIONAL STANDARD BOOK NUMBER |
| International Standard Book Number |
0745321917 (pbk.) |
| 040 ## - CATALOGING SOURCE |
| Original cataloging agency |
DLC |
| Transcribing agency |
DLC |
| Modifying agency |
DLC |
| 042 ## - AUTHENTICATION CODE |
| Authentication code |
pcc |
| 050 00 - LIBRARY OF CONGRESS CALL NUMBER |
| Classification number |
U21.2 |
| Item number |
.H545 2003 |
| 082 00 - DEWEY DECIMAL CLASSIFICATION NUMBER |
| Classification number |
355.02,HIN |
| Edition number |
21 |
| 100 1# - MAIN ENTRY--PERSONAL NAME |
| Personal name |
Hinde, Robert A. |
| 9 (RLIN) |
106229 |
| 245 10 - TITLE STATEMENT |
| Title |
War no more : |
| Remainder of title |
eliminating conflict in the nuclear age / |
| Statement of responsibility, etc. |
Robert Hinde and Joseph Rotblat ; foreword by Robert S. McNamara. |
| 260 ## - PUBLICATION, DISTRIBUTION, ETC. |
| Place of publication, distribution, etc. |
London ; |
| -- |
Sterling, VA : |
| Name of publisher, distributor, etc. |
Pluto Press, |
| Date of publication, distribution, etc. |
2003. |
| 300 ## - PHYSICAL DESCRIPTION |
| Extent |
x, 228 p. : |
| Other physical details |
ill. ; |
| Dimensions |
23 cm. |
| 505 ## - FORMATTED CONTENTS NOTE |
| Formatted contents note |
Introduction (Page-1), Of War and Its Weapons (Page-9), The Diversity of Wars (Page-14), The Nuclear Peril (Page-14), The Risk of a Nuclear War (Page-17), The Destructive Power of Nuclear WeaponsThe Nuclear Arms Race (Page-22), Other Weapons of Mass Destruction (Page-30), Chemical Warfare (Page-30), Biological Warfare (Page-33), Radiological Warfare (Dirty Bombs) (Page-35), Information Technology Warfare (Page-37), 'Conventional' Weapons (Page-39), What Makes War More Likely? Causes of War and the Role of Weapons (Page-47), Causes of War (Page-47), The Role of Weapons (Page-49), The Political System and its Leaders (Page-52), The Institution of Nation-States (Page-52), Totalitarianism Versus Democracy (Page-55), The Role of Political Leaders (Page-56), Clandestine Political Action (Page-61), Autonomy of Groups Within States (Page-61), Terrorism (Page-65), Culture and Tradition (Page-68), Cultural Factors Related to Violence (Page-68), Ethnicity (Page-70), Religion (Page-75), Other Ideological Issues (Page-79), Retribution (Page-80), Resources: Territory and the Environment (Page-83), Resources, Territory and Influence (Page-83), Environmental Resources (Page-86), Economic Factors: Globalization and Poverty (Page-89), War and Human Nature (Page-89), Aggression and Aggressiveness (Page-94), War as an Institution (Page-107), The Role of Scientists (Page-118), What Should Be Done to Eliminate War? (Page-101), Education for Peace and Socialization (Page-171), Epologue: Eliminating conflict in the Nuclear age (Page-211). |
| 650 #0 - SUBJECT ADDED ENTRY--TOPICAL TERM |
| Topical term or geographic name entry element |
War. |
| 650 #0 - SUBJECT ADDED ENTRY--TOPICAL TERM |
| Topical term or geographic name entry element |
War |
| General subdivision |
Prevention. |
| 9 (RLIN) |
106230 |
| 700 1# - ADDED ENTRY--PERSONAL NAME |
| Personal name |
Rotblat, Joseph, |
| Dates associated with a name |
1908-2005. |
| 9 (RLIN) |
106231 |
| 856 41 - ELECTRONIC LOCATION AND ACCESS |
| Materials specified |
Table of contents |
| Uniform Resource Identifier |
<a href="http://www.loc.gov/catdir/toc/ecip045/2003013377.html">http://www.loc.gov/catdir/toc/ecip045/2003013377.html</a> |
| 906 ## - LOCAL DATA ELEMENT F, LDF (RLIN) |
| a |
7 |
| b |
cbc |
| c |
orignew |
| d |
1 |
| e |
ecip |
| f |
20 |
| g |
y-gencatlg |
| 942 ## - ADDED ENTRY ELEMENTS (KOHA) |
| Source of classification or shelving scheme |
|
| Koha item type |
Book |
| Call number prefix |
355.02,HIN |